MDQL
is popping MORE tags! Check the
thread
!
Quizzes
Events
Quiz Creation
Community
Videos
Private Events
Remove Ads
Sign In
Join for FREE
Feedback
Dark Mode
Quiz Categories
Sports
Geography
Music
Movies
Television
Just For Fun
Miscellaneous
History
Literature
Language
Science
Gaming
Entertainment
Religion
Holiday
For Kids
Quiz Lab
Recent
Popular Today
Quiz Kudos Today
Editor Picks
Curator Picks
Quizzes by...
Day
Popularity
Type
Ratings
Length
Year
Community
Subscriptions
Recent Discussions
Orange Saloon
Badges
Playlists
Quests
Create
Leaderboards
Showdown
Live 5
Trivia Bingo
Activity
Puzzle Library
Sporcle Events
Private Events
Virtual Trivia
Globe League
Become a Host
Pub Owners
SporcleCon
Opinionation
Our Games
Videos
Blog
Mobile Apps
Partnerships
Remove Ads and Go Orange
Feedback
Television
TV Characters
TV Show
Sitcom
Network
Friends
Reality Shows
Cast
South Park
Star Trek
The Simpsons
Doctor Who
Television
TV Characters
TV Show
Sitcom
Network
Friends
Reality Shows
Cast
South Park
Star Trek
The Simpsons
Doctor Who
Random Quiz
Search Sporcle
×
Quiz Lab
Quiz Lab
Television
Missing Word
Type in answers that appear in a list
Type in answers that appear in a list
Classic
Best Score? Go Orange.
The Brilliance of Dr. Zoidberg Stats
Can you name the missing words from the following Zoidberg quotes from Futurama?
By
oldkent
8m
18 Questions
1,004 Plays
1,004 Plays
1,004 Plays
Comments
Comments
Give Quiz Kudos
Give Quiz Kudos
-
- Ratings
hide this ad
Replay
Link that replays current quiz
Next Quiz
Link to next quiz in quiz playlist
You Got
0%
They Got
Avg Score
38%
Avg Friend Score
Upgrade to see
Score Distribution
Jump to the score distribution portion of the page
Score
0/18
Timer
08:00
0
Plays Today
Quote
Missing Word
% Correct
I've performed a few _
_
_
_
_
_
killings.
Mercy
80.1%
The _
_
_
_
_
_
is gagging on my gas bladder. What an honor.
President
64.3%
You lost the woman of your dreams, but you still have _
_
_
_
_
_
. YOU ALL STILL HAVE _
_
_
_
_
_
!
Zoidberg
64%
Hooray! People are paying _
_
_
_
_
_
to me!
Attention
63.4%
I took the liberty of fertilizing your _
_
_
_
_
_
.
Caviar
51.5%
In my experience, boxes are usually empty, or maybe with a little cheese stuck to the top. And one time, _
_
_
_
_
_
. What a day that was!
pepperoni
43.6%
Your _
_
_
_
_
_
's bad, and you should feel bad!
Music
40.7%
Really? I thought you were the _
_
_
_
_
_
.
Robot
36.2%
_
_
_
_
_
_
in your species: fatal, or non-
fatal?
Disemboweling
33.3%
Quote
Missing Word
% Correct
I lost it... in a _
_
_
_
_
_
.
Volcano
29.6%
For one beautiful night I knew what it was to be a _
_
_
_
_
_
. Subjugated, yet honored.
Grandmother
29.6%
Once again, the conservative, _
_
_
_
_
_
portfolio pays off for the hungry investor.
Sandwich-heavy
27.6%
They sent us inside for doing an unsatisfactory job... and eating _
_
_
_
_
_
_
_
_
_
_
_
Penguin Eggs
26.9%
Friends, help! A _
_
_
_
_
_
tricked me!
Guinea Pig
26.5%
Oh, Zoidberg, at last you're becoming a _
_
_
_
_
_
_
_
_
_
_
_
! Hello? I'll take eight!
Crafty Consumer
23.8%
Oh, right, right, with the _
_
_
_
_
_
. I always forget about the _
_
_
_
_
_
...
Bones
22.9%
No, no, not that _
_
_
_
_
_
.
Mouth
21.9%
Wait. Not _
_
_
_
_
_
, the other thing.
Dead
15.3%
Quiz Playlist
Details
Report
Send in Message
Add To Playlist
Classic:
Type in answers that appear in a list
Last Updated: Feb 16, 2017
Quiz Scoreboard
CHALLENGE
Sign Up to Join the Scoreboard
Show All
Scores
Hide
Comments
May contain spoilers
Recently Published
Two Season TV Shows II
by 123Four
Television
10m
Image Sorting: Flags VI
by Barbecue
Geography
2m
Find the 'City' Movie
by crazypaving
Movies
60s
More to Explore
Quiz From the Vault
Featured Blog Post
14 Easter Pick-up Lines to Find Eggs With
hide this ad
You Might Also Like...
Tags
Missing Word Quiz
Quote Quiz
futurama
Today's Top Quizzes in Television
Browse Television
hide this ad
Today's Top Quizzes in Missing Word
Browse Missing Word
Top Contributed Quizzes in Television
1
Survivor Journey Challenge
2
Brooklyn Nine Nine Logic Puzzle (How-To-Play)
3
Adjectives in 00s TV Shows
4
Total Drama Characters
5
Survivor Logic Puzzle: Heroes vs. Villains
6
Phoebe Buffay Quotes
7
Survivor Heroes vs. Villains Logic Puzzle
8
Survivor Trivia
9
Emmerdale Characters (from August 2012)
10
Adjectives in 10s TV Shows
Explore More
Trending Topics
Anime
Harry Potter
Kpop
Disney
NBA
Marvel
Crossword
Pokémon
NFL
The Office
Soccer
Puzzle
Country
WWE
Song
hide this ad
More By:
oldkent
Quiz
Plays
Rating
Category
Featured
Created
Harry Potter: Family Relationships
327,053
4.35
Literature
Apr 5, 2010
Car Brands by Model
251,869
3.87
Miscellaneous
Dec 11, 2009
Mystery Countries!
248,363
4.56
Geography
Jun 16, 2010
Avoid the Fake Bond Title Words
219,756
4.20
Movies
Apr 28, 2013
Harry Potter Characters by Actor
208,599
4.24
Movies
May 28, 2010
Go to Creator's Profile
Score Distribution
Quiz Creator Spotlight
oldkent
Follow
Send a Message
Quizzes Created
-
Created Quiz Play Count
-
More By This Creator
Popular Quizzes Today
1
Colored Red Africa Blitz
2
Find the US States - No Outlines Minefield
3
Find the 'City' Movie
4
5x2 Blitz: Bands
5
The Countries of the World
6
Find the US States
7
Find the Countries of Europe - No Outlines Minefield
8
US States
More Television Quizzes
American Idol Winners by Picture
Editor's Pick
Trending Quizzes
Colored Red Europe Blitz I
Colored Red Africa Blitz II
Colored Red Europe Blitz II
Colored Red Africa Blitz III
Colored Red Europe Blitz III
Recently Updated
How Do You Spell That?
pecheneg
Godzilla Movies
pecheneg
Grab Bag: 4-10 Letters
pecheneg
2024 March Madness Bracket
pecheneg
Famous TV Couples
Peacemaker
Champions League XIs: Real Madrid
pecheneg
Largest US Cities 1790-2010
pecheneg
Rides in Walt Disney World
pecheneg
Most Oscar Losses (Acting)
pecheneg
Beyoncé Albums
pecheneg
Trending Topics
Kpop
Marvel
NBA
Harry Potter
Crossword
Anime
Disney
Country
Soccer
NFL
Pokémon
The Office
Song
Puzzle
WWE
Your Account Isn't Verified!
In order to create a playlist on Sporcle, you need to verify the email address you used during registration. Go to your
Sporcle Settings
to finish the process.
Report this User
Report this user for behavior that violates our
Community Guidelines
.
Details:
Send Report
Go to the Sporcle.com Mobile Site →
Comments